Mot qui signifient - Statistiques

Statistiques générales
  • Ce quiz a été pris 10 fois
  • Le résultat moyen est 2 sur 52
Statistiques - réponses
Hint Réponse % Correct
Q 9 : 3/4 Quai
33%
Z Un dernier pays Zimbabwe
33%
C Nutella ? Crepe
22%
I Indice d'Absurdité Elementaire IAE
22%
Q Montargis Quentin
11%
X Vinaigre Xeres
11%
X Mot un peu seul Xylophone
11%
Y Somme Y
11%
Y Panier dessert Yoplait
11%
A Force tranquille, très belle voix Adrien
0%
A General ? Lanceur de couteau ? Alcazar
0%
B Sport ingénieux Badminpong
0%
B Soufflot Bruel
0%
C 1er étage Crous
0%
D S2 : Jeudi 9H30-11H Descartes
0%
D Il nous a déçus Diego
0%
E Albanais Ekip
0%
E Poule Elise
0%
F Pire des insultes FDP
0%
F Leader légendaire Flonneau
0%
G A mettre en toutes circonstances Gel
0%
G 30 Afrique Guinée equatoriale
0%
H J+L Harry
0%
H Joyeux anniversaire Clément High Hopes
0%
I Noir Issa
0%
J Il est ou ? Jane
0%
J Plateforme ingénieuse Jetpunk
0%
K Quand j'atais petit Kapla
0%
K Poulet ou agneau Korma
0%
L Habitat naturel Lit
0%
L Elle se promène dans les bois Lou
0%
M Alors oui mais en fait non Montpellier
0%
M J'ai 14 questions Morois
0%
N Je le veux ! sucré et coulant à souhait Napage
0%
N Menton foncé Nepal
0%
O Toit occidé Observatoire
0%
O Fameuse patisserie Opera
0%
P Duo Palmashow
0%
P Prends gare de lyon Pumba
0%
R Pierre Richard
0%
R Précieux en cavale Rubis
0%
S Meilleur moyen d'échapper à un dinosaure Serpentine
0%
S Canards instruits que nous sommes Sorbonnards
0%
T Plateforme idéale pour un maximum de fun Teams
0%
T Fausse valeur du diplome Tolbiac
0%
U Ville allemande Ulm
0%
U 14-14 UNO
0%
V Bougainville Vanuatu
0%
V Michel Velux
0%
W Joueur Violet, tu a atteint les 20 points We are the champions
0%
W Peut-etre un des seuls endroit ou tu veux pas aller Wuhan
0%
Z J'ai pas d'idée alors chaussures en espagnol ! Zapatos
0%
Aucun quiz correspondant
Distribution des résultats
% des personnes avec chaque résultat
Percentile par nombre de réponses
Votre historique - résultats
Vous n’avez pas pris ce quiz